NPCs in Oblivion - Statistics

General Stats
  • This quiz has been taken 82 times
  • The average score is 13 of 30
Answer Stats
Hint Answer % Correct
The son of the above. Martin Septim
100%
The Daedra Prince of Oblivion. Mehrunes Dagon
90%
The leader of the Blades. Jauffre
84%
The leader of the Mythic Dawn. Mankar Cameron
80%
The late emperor of Tamriel. Uriel Septim VII
74%
The creep who recruits you into the Dark Brotherhood. Lucien Lachance
71%
The head necromancer. Mannimarco
66%
The Arch-Mage. Hannibal Traven
53%
The annoyingly relentless guard. Hieronymus Lex
50%
Your first victim in the Dark Brotherhood quests. Rufio
46%
The Gray Fox. Corvus Umbranox
44%
The little prick who joins the Blackwood Company. Maglir
44%
The vampire count. Janus Hassildor
40%
The Gray Prince. Agronak gro-Malog
39%
The second-in-command to the above. Modryn Oreyn
39%
The Earl of Imbel. Jakben
37%
The librarian at the Arcane University. Tar-Meena
34%
The collector. Umbacano
33%
The Dark Brotherhood traitor. Mathieu Bellamont
31%
The Master Wizard. Raminus Polus
31%
The vampire in the Dark Brotherhood. Vicente Valtiere
31%
The ill-tempered former leader of the Cheydinhal Mages Guild. Falcar
30%
The Listener you kill. Ungolim
27%
Obama with a beard (found at the Arena). Owyn
24%
The second one. S'krivva
24%
The Master of the Fighters Guild. Vileyna Donton
23%
The first quest-giver for the Thieves Guild. Armande Christophe
20%
The broad from Water's Edge you help out. Biene Amelion
19%
The Gray Prince's vampire daddy. Lord Lovidicus
14%
The Blackwood Company thug you kidnap. Ajum-Kajin
3%
No matching quizzes found
Score Distribution
Percent of People with Each Score
Percentile by Number Answered
Your Score History
You have not taken this quiz